[Event "GER-ch Women 2020"]
[Site "Magdeburg"]
[Date "2020.08.21"]
[Round "8.6"]
[White "Bluebaum, Johanna"]
[Black "Von Herman, Brigitte"]
[Result "1-0"]
[WhiteElo "2011"]
[BlackElo "2085"]
[Annotator "TA"]
[PlyCount "107"]
[EventDate "2020.08.16"]
[EventType "swiss"]
[EventCountry "GER"]
[SourceTitle "playchess.com"]
[Source "ChessBase"]
[SourceQuality "1"]

{[%evp 11,107,0,0,-9,0,0,0,3,20,-3,30,18,41,27,75,66,60,63,69,49,47,42,54,37,67,41,41,35,61,51,74,75,104,106,127,126,128,127,114,126,164,164,166,91,90,74,76,56,92,44,46,0,94,87,139,118,137,128,147,72,149,149,155,145,236,114,157,182,157,0,146,127,156,140,158,111,275,216,320,335,411,397,383,289,375,368,569,564,786,729,733,301,289,279,345,316,1334,1298]} 1. d4 Nf6 2. c4 e6 3. Nc3 Bb4 4. e3 b6 5. Bd2 Bb7 6. Nf3 O-O 7. Rc1 {E21: Nimzo-Indian: 4 Nf3.} c5 8. a3 Bxc3 9. Bxc3 {The position is equal.} d6 10. Be2 Nbd7 11. O-O Qe7 12. Nd2 e5 13. d5 {[#]} b5 $146 ({Predecessor:} 13... e4 14. Qc2 Rae8 15. Rce1 Bc8 16. f4 exf3 17. Bxf3 Ne5 18. Bd1 Nfg4 19. h3 Nh6 {½-½ (43) Petkova,Z-Dojkova,G (2045) Bankia 1991}) 14. e4 bxc4 15. Bxc4 Nb6 {Hoping for ...Nxe4!} 16. Bd3 a5 17. g3 Bc8 18. f3 a4 19. Qe2 Ra7 20. Rce1 h6 21. Qg2 Nbd7 22. f4 Ba6 23. Bxa6 Rxa6 24. Nc4 Ne8 25. Qe2 {Strongly threatening Nxe5.} Ra7 26. Na5 Nb8 27. fxe5 ({White should play} 27. Qb5 $18 Nc7 28. Qxa4) 27... dxe5 $16 28. Nc4 f6 29. Qe3 Nd7 30. Kh1 Nd6 31. Qd3 Rb8 (31... Nxc4 $11 {remains equal.} 32. Qxc4 Rb8) 32. Na5 $1 {[%cal Ra5c6]} Qe8 (32... Rxa5 $142 33. Bxa5 Rxb2) 33. Nc6 $1 {[%csl LRa7,LRb8][%mdl 64] Double Attack} Rab7 34. Nxb8 Qxb8 35. Rf2 ({Better is} 35. h4) 35... Rb6 (35... c4 $142 36. Qe3 Rb3) 36. Qf3 Rb3 37. Qg4 Qe8 {[#]} (37... Rb7 $16 38. Bd2 Kh7) 38. Rd1 (38. Qe6+ $1 $18 Qxe6 39. dxe6) 38... Qe7 39. Qe6+ Kf8 40. Qg4 Kg8 41. Rc2 Kf8 42. Bd2 Rd3 43. Re1 {Bc3 is the strong threat.} Rb3 $2 {[#] This costs Black the game.} (43... f5 $16 44. exf5 Rd4) 44. Be3 $1 $18 Nb7 (44... c4 $142 45. Bd2 Nc5) 45. Qe2 Qd6 46. Qc4 Nb6 47. Qa6 Qc7 48. Bf2 Ke7 (48... Qd7 {was called for.} 49. Kg1 Kf7) 49. Rec1 {[%cal Rf2c5]} Nd7 50. Qxa4 Qb6 51. Qc4 (51. d6+ $142 Nxd6 52. Bxc5 Nxc5 53. Rxc5) 51... Rxb2 52. Qe2 Rb5 53. Qg4 Kf8 $2 (53... g5 54. Qh3 Rb1) 54. Qxd7 {Accuracy: White = 74%, Black = 42%.} 1-0

[Event "GER-ch Women 2020"]
[Site "Magdeburg"]
[Date "2020.08.21"]
[Round "8.7"]
[White "Bardorz, Jana"]
[Black "Stowicek, Yara Mathilda"]
[Result "1-0"]
[WhiteElo "2000"]
[BlackElo "1674"]
[Annotator "TA"]
[PlyCount "95"]
[EventDate "2020.08.16"]
[EventType "swiss"]
[EventCountry "GER"]
[SourceTitle "playchess.com"]
[Source "ChessBase"]
[SourceQuality "1"]

{[%evp 10,95,0,0,0,-4,1,-13,-16,-12,-6,0,0,-22,-22,-28,-13,-5,0,-45,0,0,0,0,22,20,18,16,29,43,44,30,24,2,0,-69,-16,-20,118,103,96,-9,230,225,216,161,147,156,161,104,90,0,192,192,183,-122,284,276,939,859,525,424,424,424,468,424,424,405,424,424,421,424,422,414,583,582,684,670,652,622,1326,1309,1161,1121,2139,1971,5210,4134]} 1. e4 e5 2. Nf3 Nc6 3. Nc3 Nf6 4. d4 Bb4 5. d5 Ne7 6. Bd3 d6 {C47: Scotch Four Knights and Four Knights with 4 g3.} 7. O-O O-O 8. a3 Bxc3 {The position is equal.} 9. bxc3 Ng6 10. Re1 {[#]} Qe7 $146 ({Predecessor:} 10... h6 11. Rb1 b6 12. h3 Nd7 13. Nh2 Nc5 14. Ng4 Nxd3 15. cxd3 f5 16. Nh2 Qf6 {1-0 (31) Delgado Crespo,M (2130)-Hernandez Guerrero,Y (2190) Matanzas 1994}) 11. g3 Bg4 12. Bf1 h6 13. h3 Bd7 14. Bg2 Nh7 15. c4 f5 16. exf5 Bxf5 17. Nd4 Bd7 18. Ne6 Bxe6 19. dxe6 c6 20. Rb1 Rf6 21. Qg4 Nhf8 $1 22. Bb2 (22. Be4 $11) 22... Rxe6 ({Black should play} 22... Nxe6 $15 23. f4 Qf7) 23. h4 Qf7 (23... Re8 $11) 24. h5 $36 {[%mdl 2048] White is really pushing.} Ne7 {[#]} 25. c5 ({Better is} 25. f4 $1 $16) 25... d5 $2 (25... dxc5 $11 26. Bh3 (26. Bxe5 Nd5 $11) (26. Rxe5 Rxe5 27. Bxe5 Nd5 $11) 26... Nd5) 26. Rxe5 $18 ({Much less strong is} 26. Bxe5 $6 Nf5 $16) 26... Re8 27. Bh3 Rxe5 28. Bxe5 Nc8 29. f4 ({White should try} 29. Bd4 $18) 29... Ne6 $16 {[#]} 30. Bd6 (30. Qg6 $1 $16 {aiming for Rxb7!} Nxc5 31. Qxf7+ Kxf7 32. Bd4) 30... b6 $2 (30... Nd4 $11) 31. Re1 $18 {[%cal Re1e6]} Nxd6 32. Qxe6 $2 ({Not} 32. Rxe6 Rxe6 33. Qxe6 Qxe6 $11) (32. cxd6 $18 Nc5 33. Rxe8+ Qxe8 34. d7 Qe1+ 35. Kh2) 32... Rxe6 $4 {[%mdl 8192] White leaves nothing to chance now.} (32... bxc5 $17 {stays on course.} 33. a4 Qxe6 34. Rxe6 Rxe6 35. Bxe6+ Kf8) 33. Bxe6 Ne4 $2 (33... bxc5 34. Bxf7+ Kxf7) 34. Bxf7+ Kxf7 35. cxb6 axb6 {[%mdl 4096] Endgame KR-KN} 36. Kg2 Nf6 37. Rh1 Ne4 38. g4 Kf6 39. Kf3 Nd2+ 40. Ke2 Ne4 {White should prevent ...Ng3+.} 41. Ke3 Nd6 (41... b5 {is a better defense.} 42. Rg1 c5) 42. a4 {White is clearly winning.} Nc4+ 43. Kd4 Nd6 44. Rg1 Ne4 45. Rb1 c5+ 46. Ke3 Nd6 47. Rxb6 Ke7 {[#]} 48. Rxd6 $1 {Accuracy: White = 74%, Black = 50%.} 1-0

[Event "GER-ch Women 2020"]
[Site "Magdeburg"]
[Date "2020.08.21"]
[Round "8.8"]
[White "Heutling, Elina"]
[Black "Dietrich, Mareike"]
[Result "1/2-1/2"]
[WhiteElo "1833"]
[BlackElo "1699"]
[Annotator "NA RC"]
[PlyCount "79"]
[EventDate "2020.08.16"]
[EventType "swiss"]
[EventCountry "GER"]
[SourceTitle "playchess.com"]
[Source "ChessBase"]
[SourceQuality "1"]
[TimeControl "40/5400+30:1800+30"]

1. e4 {[%emt 0:00:00]} c5 {[%emt 0:00:00]} 2. Nf3 {[%emt 0:00:00]} d6 {[%emt 0:00:00]} 3. d4 {[%emt 0:00:00]} cxd4 {[%emt 0:00:00]} 4. Nxd4 {[%emt 0:00:00]} Nf6 {[%emt 0:00:00]} 5. Nc3 {[%emt 0:00:04]} a6 {[%emt 0:00:00]} 6. Be3 {[%emt 0:00:32]} e6 {[%emt 0:00:00]} 7. Bd3 {[%emt 0:06:10]} b5 {[%emt 0:00:41]} 8. f4 {[%emt 0:02:29]} b4 {[%emt 0:03:35] B82: Sicilian Scheveningen: 6 f4.} 9. Nb1 {[%emt 0:03:50] [#]} Qc7 $146 {[%emt 0:02:43]} ({Predecessor:} 9... Bb7 10. Qf3 Nbd7 11. Nd2 e5 12. Nf5 g6 13. Ng3 Bg7 14. Nc4 Qc7 15. O-O O-O 16. fxe5 dxe5 {½-½ (66) Derakhshani,D (2356)-Bok,B (2591) St Petersburg 2015}) 10. Qf3 {[%emt 0:05:16]} Bb7 {[%emt 0:03:42]} 11. Nd2 {[%emt 0:04:04]} Nbd7 {[%emt 0:06:34]} 12. O-O {[%emt 0:06:13]} h5 {[%emt 0:04:04]} 13. h3 {[%emt 0:05:19]} Nc5 {[%emt 0:02:15]} 14. g4 $2 {[%emt 0:10:38]} (14. a3 $14) 14... hxg4 {[%emt 0:07:15]} 15. hxg4 {[%emt 0:00:05]} Rh4 {[%emt 0:01:20]} 16. g5 {[%emt 0:02:22]} Ng4 {[%emt 0:05:44]} ({Of course not} 16... Nxd3 $6 17. cxd3 Ng4 18. Rfc1 $16) 17. Qg3 {[%emt 0:03:16]} Nxe3 {[%emt 0:01:33]} 18. Qxe3 {[%emt 0:01:24]} d5 {[%emt 0:06:37]} ({Black should try} 18... O-O-O 19. Qg3 Rh8) 19. e5 $1 {[%emt 0:06:22]} Nxd3 {[%emt 0:03:02]} 20. cxd3 {[%emt 0:01:32]} Qb6 {[%emt 0:02:24]} 21. Kg2 {[%emt 0:04:27]} Be7 {[%emt 0:06:09] [#]} 22. Rac1 {[%emt 0:08:31]} (22. N2f3 $1 $16 {[%cal Rf3h4]} Rh8 23. Rh1) 22... Bxg5 $2 {[%emt 0:06:24]} (22... g6 $11 {and Black has nothing to worry.}) 23. fxg5 {[%emt 0:10:03]} Qxd4 {[%emt 0:01:47]} 24. Qxd4 {[%emt 0:02:46]} Rxd4 {[%emt 0:00:01]} 25. Rc7 {[%emt 0:03:07]} Rxd3 {[%emt 0:03:25]} 26. Rh1 {[%emt 0:01:24]} d4+ {[%emt 0:03:22]} 27. Rxb7 {[%emt 0:00:06]} Rxd2+ {[%emt 0:00:05]} 28. Kf3 {[%emt 0:00:32]} O-O-O {[%emt 0:00:08]} 29. Rxb4 {[%emt 0:08:48]} Rc2 {[%emt 0:02:48]} 30. Rd1 {[%emt 0:02:35]} d3 {[%emt 0:02:27]} 31. Rb3 {[%emt 0:00:38]} d2 {[%emt 0:02:34]} 32. Rc3+ $19 {[%emt 0:01:16]} (32. g6 $17 {was called for.}) 32... Rxc3+ {[%emt 0:00:11]} 33. bxc3 {[%emt 0:00:01]} Rd3+ {[%emt 0:00:08]} 34. Ke4 {[%emt 0:00:59]} Rxc3 {[%emt 0:00:05]} 35. Rxd2 {[%emt 0:00:07]} Rc5 {[%emt 0:02:08]} 36. Rf2 {[%emt 0:01:24]} Rc7 {[%emt 0:00:44]} 37. Rb2 {[%emt 0:00:57]} Rc4+ {[%emt 0:02:19]} 38. Kf3 {[%emt 0:00:20]} Rc3+ {[%emt 0:00:17]} 39. Kf4 {[%emt 0:00:21]} Rc4+ {[%emt 0:00:08]} 40. Kf3 1/2-1/2

[Event "GER-ch Women 2020"]
[Site "Magdeburg"]
[Date "2020.08.21"]
[Round "8.9"]
[White "Kuehnel, Lena"]
[Black "Zimmer, Elke"]
[Result "1-0"]
[WhiteElo "1972"]
[BlackElo "1952"]
[Annotator "TA"]
[PlyCount "48"]
[EventDate "2020.08.16"]
[EventType "swiss"]
[EventCountry "GER"]
[SourceTitle "playchess.com"]
[Source "ChessBase"]
[SourceQuality "1"]

{[%evp 13,48,37,37,37,37,34,64,59,77,64,66,60,81,84,97,64,72,56,71,70,68,66,66,65,62,45,70,60,116,102,111,41,135,26,27,22,79]} 1. e4 e5 2. Nf3 Nf6 3. Nc3 Nc6 4. d4 exd4 5. Nxd4 Bb4 6. Nxc6 dxc6 7. Qxd8+ Kxd8 8. Bd2 {C47: Scotch Four Knights and Four Knights with 4 g3.} Be6 9. f3 {[#]} Ke8 $146 ({Predecessor:} 9... Nd7 10. a3 Bd6 11. O-O-O f6 12. Be3 Ke7 13. Be2 g5 14. Kb1 h5 15. g3 Ne5 {0-1 (54) Smirnov,A (2549)-Lenderman,A (2630) chess.com INT 2018}) 10. a3 {White is slightly better.} Be7 11. O-O-O Rd8 12. Be2 b5 13. Bf4 Rc8 14. h3 Nd7 15. Bh2 Nb6 16. f4 a5 17. Bf3 b4 18. axb4 axb4 19. Ne2 c5 20. f5 Bc4 (20... Bd7 $14) 21. e5 c6 22. Rhe1 (22. Nf4 $16) 22... Nd5 (22... Bh4 $14) 23. Bxd5 (23. f6 $16 gxf6 24. exf6 Nxf6 25. Be5) 23... Bxd5 $11 24. f6 Bf8 {Accuracy: White = 71%, Black = 71%.} (24... gxf6 $11 {remains equal.} 25. exf6 Bxf6) 1-0

[Event "GER-ch Women 2020"]
[Site "Magdeburg"]
[Date "2020.08.21"]
[Round "8.10"]
[White "Brunner, Sophia"]
[Black "Reitz, Theresa"]
[Result "1/2-1/2"]
[WhiteElo "1881"]
[BlackElo "1942"]
[Annotator "TA"]
[PlyCount "115"]
[EventDate "2020.08.16"]
[EventType "swiss"]
[EventCountry "GER"]
[SourceTitle "playchess.com"]
[Source "ChessBase"]
[SourceQuality "1"]

{[%evp 10,115,-7,-12,-11,-7,0,-9,-4,-29,-9,0,29,10,26,6,23,10,19,4,19,21,89,29,64,68,88,29,60,29,91,48,49,34,21,24,89,21,30,29,87,78,86,63,69,99,90,100,178,75,92,8,8,6,10,0,27,25,26,27,27,27,27,27,41,27,60,18,35,22,33,12,17,0,46,16,210,209,193,202,211,229,237,17,12,0,0,0,8,0,0,0,5,0,0,0,4,0,3,0,0,0,0,0,0,0,0,0]} 1. b4 d5 2. Bb2 Nf6 3. Nf3 e6 4. a3 c5 5. bxc5 Bxc5 6. e3 Nc6 {A00: Irregular Openings.} 7. d4 Bd6 8. c4 O-O 9. Be2 dxc4 10. Bxc4 {[#]} b6 $146 ({Predecessor:} 10... Na5 11. Bd3 Qb6 12. Bc3 Nd5 13. O-O Bd7 14. Nfd2 Nxc3 15. Nxc3 Rfc8 16. Nce4 Be7 {0-1 (36) Sztercsco,S (2188)-Demeter,P (2348) Presov 2002}) 11. O-O Bb7 12. Nbd2 Rc8 13. Qe2 Bb8 14. e4 Na5 15. Bd3 b5 (15... Nd7 $11) 16. Rac1 (16. Bxb5 Rc2 $17) (16. Rab1 $16) 16... a6 17. Rxc8 Qxc8 18. Rc1 (18. e5 $16 Nd5 19. Qe4) 18... Qd8 19. e5 Nd7 (19... Nd5 $11) 20. Bc3 Bd5 21. Bb4 Re8 22. h4 f6 {[#]} (22... f5 $11 {keeps the balance.}) 23. exf6 ({Better is} 23. Ng5 $1 $16 g6 24. Nxh7) 23... Nxf6 $11 24. Ne5 $36 {[%mdl 2048] White is more active.} Bd6 (24... Bb7 $11 {remains equal.}) 25. g4 $16 Bxb4 26. axb4 Nc4 $1 27. Ndxc4 bxc4 28. Bxc4 Qb6 (28... Bxc4 $16 {was necessary.} 29. Rxc4 (29. Qxc4 Nd5 $16) 29... Nd5) 29. Bxd5 ({Not} 29. Bxa6 Qxd4 30. Bc4 Rc8 $11) (29. g5 $18 Ne4 30. Qf3 (30. Bxa6 Qxb4 31. Bc4 Nd6 $16) (30. Bxd5 exd5 31. Qg4 Nd6 $18)) 29... Nxd5 30. Qd2 (30. Nc6 $16) 30... Qxb4 $11 31. Qxb4 Nxb4 {[%mdl 4096] Endgame KRN-KRN} 32. Nc6 Nd3 33. Rc3 Nf4 34. Ra3 Ra8 35. Ra5 Nd5 36. Kg2 Kf7 37. Kg3 Ke8 38. f4 Kd7 39. Ne5+ Kd6 40. Nc4+ Ke7 41. Ne5 Nb4 42. Kf3 Rd8 $2 {[#]} (42... g6 $11 {and Black stays safe.}) 43. Ra4 $1 $18 {[%cal Ra4b4]} a5 44. Rxa5 {Hoping for Ra4.} Rxd4 {If Black can now play ...Kd6 this consolidates a bit.} 45. Ra7+ Kf8 46. Rf7+ $2 (46. Rb7 $18 {And now Rb8+ would win.} Na6 47. Rf7+ Kg8 48. Ra7) 46... Kg8 $11 {The position is equal.} 47. Re7 {[%cal Re7e8]} (47. h5 {keeps more tension.} Nd3 48. Re7 Rxf4+ 49. Kg3 Nb4 50. Rxe6 Rf6 51. Re7) 47... Rxf4+ 48. Kg3 g6 49. Re8+ Rf8 50. Rxe6 Nd5 51. Nc6 Kg7 52. Re5 Nc3 (52... Rc8 {looks sharper.} 53. Rxd5 Rxc6 54. Rd7+ Kg8 55. Kf4 Rc4+) 53. Re7+ Rf7 54. Rxf7+ Kxf7 55. Ne5+ Ke6 56. Nf3 h6 57. Kf4 Nd5+ 58. Ke4 {Accuracy: White = 70%, Black = 64%.} 1/2-1/2

[Event "GER-ch Women 2020"]
[Site "Magdeburg"]
[Date "2020.08.21"]
[Round "8.11"]
[White "Roos, Karin"]
[Black "Schumann, Rabea"]
[Result "1/2-1/2"]
[WhiteElo "1772"]
[BlackElo "1871"]
[Annotator "NA RC"]
[PlyCount "74"]
[EventDate "2020.08.16"]
[EventType "swiss"]
[EventCountry "GER"]
[SourceTitle "playchess.com"]
[Source "ChessBase"]
[SourceQuality "1"]
[TimeControl "40/5400+30:1800+30"]

1. e4 {[%emt 0:00:00]} c5 {[%emt 0:00:00]} 2. Nf3 {[%emt 0:00:00]} Nc6 {[%emt 0:00:00]} 3. c3 {[%emt 0:00:00]} Nf6 {[%emt 0:00:00]} 4. d3 {[%emt 0:09:44]} d6 {[%emt 0:03:53]} 5. Be2 {[%emt 0:00:53]} g6 {[%emt 0:00:41]} 6. Nbd2 {[%emt 0:01:27]} Bg7 {[%emt 0:02:45]} 7. O-O {[%emt 0:04:40]} O-O {[%emt 0:01:20]} 8. Nc4 {[%emt 0:00:17] B50: Sicilian: 2...d6, Miscellaneous.} b5 {[%emt 0:04:22]} 9. Ne3 {[%emt 0:02:05]} Rb8 {[%emt 0:05:29]} 10. h3 {[%emt 0:03:05] [#]} b4 $146 {[%emt 0:03:43]} ({Predecessor:} 10... a5 11. Rb1 Be6 12. b3 Qc7 13. Bb2 Rfd8 14. c4 bxc4 15. bxc4 Nh5 16. Bxg7 Nxg7 {1-0 (79) Barilla,T (1982)-Butala,S (1855) Slovakia 2016}) 11. Bd2 {[%emt 0:01:41]} a5 {[%emt 0:04:48]} 12. Nd5 {[%emt 0:08:37]} Ba6 {[%emt 0:08:03]} 13. Re1 {[%emt 0:05:50]} e6 {[%emt 0:13:32]} 14. Nxf6+ {[%emt 0:01:51]} Bxf6 {[%emt 0:00:29]} 15. Qc1 {[%emt 0:01:46]} Qd7 {[%emt 0:12:58]} 16. Bf1 {[%emt 0:19:28]} Rb6 {[%emt 0:04:19]} 17. Rd1 {[%emt 0:00:42]} Rfb8 {[%emt 0:05:18]} 18. Bg5 {[%emt 0:10:17]} Bxg5 {[%emt 0:07:55]} 19. Qxg5 {[%emt 0:00:43]} bxc3 {[%emt 0:01:41]} 20. bxc3 {[%emt 0:00:23]} Qe7 {[%emt 0:02:42]} 21. Qe3 {[%emt 0:05:29]} Qf6 {[%emt 0:07:39]} 22. d4 {[%emt 0:04:10]} cxd4 {[%emt 0:00:16]} 23. cxd4 {[%emt 0:00:56]} Bxf1 {[%emt 0:00:31]} 24. Kxf1 {[%emt 0:00:19]} Nb4 {[%emt 0:02:45]} 25. e5 {[%emt 0:02:07]} Qe7 {[%emt 0:03:47]} 26. Rdc1 {[%emt 0:02:04]} Nd5 {[%emt 0:00:43]} 27. Qd2 {[%emt 0:01:16]} a4 {[%emt 0:02:37]} 28. exd6 {[%emt 0:02:16]} Qxd6 {[%emt 0:00:10]} 29. Ne5 {[%emt 0:00:44]} Rb5 {[%emt 0:01:05]} 30. g3 {[%emt 0:04:01]} f6 {[%emt 0:00:41]} 31. Nc4 {[%emt 0:04:32]} (31. Rc6 $5 {[%cal Rc6d6]} Qb4 32. Nc4 $15) 31... Qb4 {[%emt 0:00:20]} 32. Qxb4 {[%emt 0:00:31]} Rxb4 {[%emt 0:00:12]} 33. Ke2 {[%emt 0:01:25]} Rc8 {[%emt 0:01:05]} 34. Kd3 {[%emt 0:00:28]} Kg7 {[%emt 0:00:25]} 35. Rab1 {[%emt 0:00:24] [#]} Rcb8 $15 {[%emt 0:00:26]} (35... Rcxc4 $1 $19 {[%mdl 512]} 36. Rxc4 Rxb1 37. Rxa4 Rd1+ 38. Kc2 Rf1 39. Ra7+ Kh6) 36. Ra1 {[%emt 0:00:35]} Rc8 {[%emt 0:00:20]} 37. Rab1 Rcb8 1/2-1/2

[Event "GER-ch Women 2020"]
[Site "Magdeburg"]
[Date "2020.08.22"]
[Round "9.2"]
[White "Burchardt, Brigitte"]
[Black "Bluebaum, Johanna"]
[Result "1-0"]
[WhiteElo "2091"]
[BlackElo "2011"]
[Annotator "TA"]
[PlyCount "101"]
[EventDate "2020.08.16"]
[EventType "swiss"]
[EventCountry "GER"]
[SourceTitle "playchess.com"]
[Source "ChessBase"]
[SourceQuality "1"]

{[%evp 21,101,8,14,14,13,6,6,0,19,16,28,-14,0,0,54,-32,-6,-31,0,-51,-10,-39,-25,-39,-21,-36,-1,-3,0,-8,66,59,64,51,54,62,95,15,54,0,150,131,177,169,402,394,663,669,669,655,663,454,657,658,658,658,642,633,661,652,1060,1047,1033,1014,5081,4918,5140,4830,4822,4818,4818,4818,4818,4818,1213,924,4814,4814,4814,4814,4814,4131]} 1. e4 e6 2. d4 d5 3. Nd2 c5 4. exd5 Qxd5 5. Ngf3 cxd4 6. Bc4 Qd7 7. O-O Nc6 8. Nb3 a6 9. Nbxd4 Nxd4 10. Qxd4 Qxd4 11. Nxd4 Nf6 12. Be2 {C07: French Tarrasch: 3...c5, 4 Ngf3 and 4 exd5 Qxd5.} e5 13. Nf3 {has lost popularity (13.Nb3).} Bd6 14. Bg5 {The position is equal.} Bf5 15. Rad1 {[#]} O-O-O $146 ({Predecessor:} 15... Rd8 16. Bd3 Bg4 17. Rfe1 Bxf3 {½-½ (17) Delabbey,F (1922)-Rocq,C (1781) Rochefort 2017}) 16. c3 Rd7 17. Bc4 Bg4 ({Black should play} 17... Rhd8 $11) 18. Be2 (18. Rxd6 $14 Rxd6 19. Nxe5) 18... Ne4 19. Bc1 Be6 20. c4 (20. Bd3 $11 f5 21. Rfe1) 20... f5 21. Nd2 Nf6 22. g3 h6 23. Nb3 g5 24. Bd2 f4 25. Rc1 Be7 ({Black should try} 25... Ne4 $11) 26. Bc3 $14 e4 27. Rfe1 Rf8 28. c5 Bd5 29. Na5 (29. c6 $16 Bxc6 30. Bxf6 Rxf6 31. Bg4) 29... Rc7 30. b4 (30. Be5 $14) 30... f3 {Black is on the road to losing.} (30... e3 $1 $11) 31. Bc4 $16 {[#] Bxf6 is the strong threat.} Bxc4 32. Nxc4 Rd8 $2 (32... Kd8 33. Nb6 Ke8 34. Bxf6 Bxf6 35. Rxe4+ Re7 36. Rxe7+ Kxe7) 33. Be5 $18 Rc6 $2 (33... Rd3 34. Bxc7 Kxc7) 34. Nb6+ {White is clearly winning.} Rxb6 35. cxb6+ Kd7 36. Rcd1+ Kc6 (36... Ke6 $142) 37. Rxd8 Bxd8 38. Bxf6 Bxf6 39. Rxe4 {[%mdl 4096] [#] Endgame Black must now prevent Re6+. KR-KB} Kd5 40. Re3 g4 41. Re8 h5 42. Rc8 Bd4 43. Rc7 Bxb6 44. Rxb7 Kc6 45. Rb8 Bc7 46. Rc8 Kb6 47. a4 Bd6 48. Rc4 Be7 49. Re4 Bf8 50. Re6+ Kb7 51. b5 {Accuracy: White = 72%, Black = 40%.} 1-0

[Event "GER-ch Women 2020"]
[Site "Magdeburg"]
[Date "2020.08.22"]
[Round "9.3"]
[White "Butenandt, Svenja"]
[Black "Mehling, Katharina"]
[Result "1-0"]
[WhiteElo "1879"]
[BlackElo "1947"]
[Annotator "TA"]
[PlyCount "87"]
[EventDate "2020.08.16"]
[EventType "swiss"]
[EventCountry "GER"]
[SourceTitle "playchess.com"]
[Source "ChessBase"]
[SourceQuality "1"]

{[%evp 22,86,42,43,71,87,100,103,99,106,137,132,175,174,169,125,116,73,147,106,111,74,81,45,152,164,234,251,380,377,386,389,356,250,341,336,333,337,594,587,759,748,726,490,486,482,482,498,534,527,795,804,794,785,1109,1018,987,994,958,843,29996,29997,29997,29998,29998,29999,29999]} 1. d4 Nf6 2. c4 g6 3. Nc3 Bg7 4. e4 d6 5. Nf3 O-O 6. Be2 Na6 7. O-O e5 8. d5 Nc5 9. Qc2 a5 10. Bg5 h6 11. Be3 Ne8 12. Nd2 Kh7 {E94: King's Indian: Classical: 6 Be2 e5 7 0-0: Various Black 7th moves.} 13. a3 {[%cal Ba2a3,Ba3b4][%mdl 32] [#]} a4 $146 ({Predecessor:} 13... f5 14. exf5 Bxf5 15. Nde4 Nxe4 16. Nxe4 Nf6 17. f3 Qd7 18. b3 b6 19. Rae1 Rf7 20. Bd3 Bxe4 21. Bxe4 Nxe4 22. fxe4 {1-0 (59) Wukits,R (2230)-Juergens,K (2235) Austria 1999}) 14. Bxc5 dxc5 {White is better.} 15. Nxa4 b6 16. b4 cxb4 17. axb4 f5 18. f3 h5 19. Nb2 Rb8 (19... Rxa1 $142 20. Rxa1 Bh6) 20. exf5 gxf5 21. f4 e4 22. Bxh5 Bd4+ {White now steadily converts the win.} ({Black should play} 22... Qf6 $14 23. Ra2 b5) 23. Kh1 $16 Qh4 (23... Qf6 $142) 24. Ra3 $18 Qf6 (24... Qe7 $142 25. Nd1 Bd7) 25. Rh3 {[#] Threatens to win with Bxe8+.} Kg8 26. Nd1 {[%cal Bb2d1,Bd1e3,Be3c2,Bc2d4][%mdl 32]} Ng7 27. Qb3 Qd6 28. Ne3 Bd7 29. Nc2 c5 $2 {[#]} (29... Nxh5 30. Nxd4 Qg6) 30. dxc6 Bxc6 31. c5+ Qd5 32. Qxd5+ Bxd5 33. Nxd4 bxc5 34. bxc5 Rb2 35. Nb1 Rfb8 36. Nc3 Bc4 37. Rd1 Bd3 38. Rg3 Kf8 39. Bg6 R8b4 40. Nxf5 Ne6 41. Rh3 {[%cal Rh3h8] White mates.} Kg8 42. Nd5 Rb1 43. Nf6+ Kf8 44. Rh8# {Accuracy: White = 54%, Black = 29%.} 1-0

[Event "GER-ch Women 2020"]
[Site "Magdeburg"]
[Date "2020.08.22"]
[Round "9.4"]
[White "Just, Anita"]
[Black "Osmanodja, Filiz"]
[Result "0-1"]
[WhiteElo "1912"]
[BlackElo "2293"]
[Annotator "TA"]
[PlyCount "88"]
[EventDate "2020.08.16"]
[EventType "swiss"]
[EventCountry "GER"]
[SourceTitle "playchess.com"]
[Source "ChessBase"]
[SourceQuality "1"]

{[%evp 21,88,-15,0,-15,19,-23,2,-47,-47,-47,-43,-48,-48,-52,-18,-36,-25,-18,-12,-48,-34,-61,-9,-52,-47,-87,-96,-119,-88,-110,-103,-126,-116,-124,-115,-133,-145,-127,-136,-264,-263,-295,-306,-413,-405,-394,-380,-1301,-1272,-1834,-1836,-2381,-2293,-12827,-8359,-29980,-29981,-29979,-29980,-5804,-2464,-1470,-1403,-2893,-2399,-29968,-12837,-29984,-29982]} 1. e4 c5 2. Nf3 d6 3. d4 cxd4 4. Nxd4 Nf6 5. Nc3 Nc6 6. Be2 e5 7. Nb3 Be7 8. O-O O-O 9. f4 a5 10. a4 Nb4 11. Be3 Bd7 {[#]} 12. h3 $146 {B59: Classical Sicilian: 6 Be2 e5 7 Nb3.} ({Predecessor:} 12. Nd2 Bc6 13. Bf3 d5 14. fxe5 d4 15. exf6 Bxf6 16. e5 dxe3 17. exf6 exd2 18. Bxc6 Qd4+ 19. Rf2 bxc6 20. Qxd2 Qxd2 21. Rxd2 gxf6 {0-1 (45) Sevian,S (2666)-Firouzja,A (2682) chess.com INT 2019}) 12... Bc6 13. Bd3 b6 14. Nd2 {The position is equal.} exf4 15. Bxf4 d5 16. e5 Nxd3 17. cxd3 Ne8 18. Qg4 Nc7 19. Nf3 Ne6 20. Bd2 Bb7 21. Nb5 Bc8 (21... d4 $15) 22. Qg3 Ba6 $1 23. Kh1 Bxb5 {Black keeps a firm grip on the game.} 24. axb5 Qd7 25. Be3 Qxb5 26. Nd4 Nxd4 (26... Qxb2 27. Rab1 $16) 27. Bxd4 Bc5 28. Bc3 d4 29. Bd2 {[#] Hoping for Bh6!} Kh8 30. Rf2 (30. Bc1 $17) 30... Qxb2 $19 31. Raf1 {Strongly threatening Bh6!} Qb3 32. Rf5 a4 33. Rh5 {Black must now prevent Qh4.} Be7 34. Rf4 $2 (34. Bg5 Bxg5 35. Rxg5) 34... Qd1+ {[%mdl 64] [#] Double Attack} 35. Be1 Qxh5 36. Rxd4 a3 37. Rg4 a2 38. Bc3 a1=Q+ 39. Bxa1 Rxa1+ 40. Kh2 Bc5 {( -> ...Bg1+)} 41. d4 Ra3 42. Qf4 Ra4 43. Rg5 Rxd4 44. Qg3 Qh6 {Accuracy: White = 35%, Black = 72%.} 0-1